Wine Regions of France - Statistics

General Stats
  • This quiz has been taken 973 times
    972 since last reset
  • The average score is 9 of 13
Answers on the Map
Answers color-coded by a green-red scale on the quiz's map according to % correct below.
 
Answer Stats
Answer % Correct
Alsace
86%
Bordeaux
84%
Champagne
79%
Loire Valley, The
76%
South West France
73%
Provence
70%
Burgundy
64%
Languedoc-Roussillon
62%
Chablis
58%
Rhône, Southern
57%
Dordogne, The
52%
Rhône, Northern
52%
Rhône Valley, The
47%
No matching quizzes found
Score Distribution
Percent of People with Each Score
Percentile by Number Answered
Your Score History
You have not taken this quiz since the last reset